[Event "Manhem IM Swiss"]
[Site "?"]
[Date "2000.06.18"]
[Round "5"]
[White "Eriksson, Jonas"]
[Black "Lahlum, Hans Olav"]
[Result "0-1"]
[WhiteElo "2199"]
[BlackElo "2215"]
[PlyCount "102"]
[EventDate "2000.06.14"]

1. e4 e6 2. d3 d5 3. Nd2 Nf6 4. Ngf3 Nc6 5. g3 dxe4 6. dxe4 e5 7. Bg2 Bc5 8.
O-O O-O 9. c3 a5 10. Qc2 Qe7 11. Nh4 g6 12. Nc4 Be6 13. Ne3 Rfd8 14. Kh1 a4 15.
Nf3 Ng4 16. Nxg4 Bxg4 17. Re1 Be6 18. Bf1 Qf6 19. Bg2 Rd7 20. Bg5 Qg7 21. b4
axb3 22. axb3 Re8 23. Red1 Rxd1+ 24. Rxd1 f6 25. Be3 Bxe3 26. fxe3 Qf7 27. c4
Qe7 28. c5 Rd8 29. Rxd8+ Qxd8 30. Bf1 Nb4 31. Qd2 Qxd2 32. Nxd2 Nc2 33. Bc4 Kf7
34. Bd3 Nxe3 35. Kg1 Nd1 36. b4 Nc3 37. Kf2 Ke7 38. Ke3 Kd7 39. Bc2 c6 40. Kd3
Na2 41. b5 cxb5 42. Bb1 Nb4+ 43. Kc3 Na6 44. Nb3 Bxb3 45. Kxb3 Nxc5+ 46. Kb4
Kc6 47. g4 g5 48. Ba2 Nxe4 49. Bb1 Nf2 50. Bxh7 e4 51. Bxe4+ Nxe4 0-1

[Event "Manhem IM Swiss"]
[Site "?"]
[Date "2000.06.18"]
[Round "5"]
[White "Carlsson, Pontus"]
[Black "Couso, Luis"]
[Result "1/2-1/2"]
[WhiteElo "2235"]
[BlackElo "2317"]
[PlyCount "24"]
[EventDate "2000.06.14"]

1. e4 c5 2. Nf3 e6 3. d4 cxd4 4. Nxd4 a6 5. Bd3 Qc7 6. O-O Nc6 7. Nxc6 dxc6 8.
Nd2 b5 9. a4 Rb8 10. f4 Nf6 11. Be2 Be7 12. e5 Nd7 1/2-1/2

[Event "Manhem IM Swiss"]
[Site "?"]
[Date "2000.06.18"]
[Round "5"]
[White "Smetankin, Stanislav"]
[Black "Köhn, Peter"]
[Result "1-0"]
[WhiteElo "2401"]
[BlackElo "2310"]
[PlyCount "54"]
[EventDate "2000.06.14"]

1. e4 c5 2. Nf3 d6 3. d4 cxd4 4. Nxd4 Nf6 5. Nc3 Nc6 6. Be2 g6 7. O-O Bg7 8.
Nb3 O-O 9. Re1 Be6 10. Bf1 a5 11. a4 Nb4 12. Nd4 Bd7 13. Ncb5 Bc6 14. c3 Na6
15. f3 Nd7 16. Be3 d5 17. exd5 Bxd5 18. Nf5 Bxf3 19. Qxf3 gxf5 20. Rad1 Qc8 21.
Qxf5 Nf6 22. Qxc8 Rfxc8 23. Bb6 e6 24. Nd6 Rcb8 25. Bc4 Bf8 26. Rf1 Be7 27. Rd3
Nd7 1-0

[Event "Manhem IM Swiss"]
[Site "?"]
[Date "2000.06.19"]
[Round "6"]
[White "Köhn, Peter"]
[Black "Lahlum, Hans-Olav"]
[Result "0-1"]
[WhiteElo "2310"]
[BlackElo "2215"]
[PlyCount "140"]
[EventDate "2000.06.14"]

1. e4 e6 2. d4 d5 3. Nd2 c5 4. exd5 Qxd5 5. Ngf3 cxd4 6. Bc4 Qd6 7. O-O Nf6 8.
Nb3 Nc6 9. Nbxd4 Nxd4 10. Nxd4 a6 11. c3 Qc7 12. Qe2 Bd6 13. Nf3 O-O 14. Bg5 b5
15. Bd3 Nd5 16. Rad1 h6 17. Bc1 Bf4 18. Qe4 f5 19. Bxf4 Qxf4 20. Qxf4 Nxf4 21.
Bc2 Bb7 22. Bb3 Rf6 23. Rfe1 Re8 24. Re3 Kh7 25. g3 Nh3+ 26. Kf1 f4 27. gxf4
Rxf4 28. Ne5 Nxf2 29. Rd4 Ne4+ 30. Ke2 Rf2+ 31. Ke1 Ref8 32. Rexe4 Bxe4 33.
Rxe4 Rxb2 34. Re2 Rxe2+ 35. Kxe2 Rf4 36. Nf3 Kg6 37. Ke3 Rf6 38. h3 Kf7 39. Ke4
Ke7 40. c4 bxc4 41. Bxc4 g5 42. Ke3 Rf4 43. Nd2 a5 44. Ne4 Rh4 45. Bf1 g4 46.
hxg4 Rxg4 47. Kf3 Rg8 48. a4 Rf8+ 49. Kg2 Rf4 50. Bd3 e5 51. Kg3 h5 52. Bc2 Kd7
53. Nc5+ Kd6 54. Nb7+ Kc6 55. Nd8+ Kd5 56. Bb3+ Kc5 57. Bd1 h4+ 58. Kg2 Rf6 59.
Kh3 e4 60. Kxh4 Kb4 61. Bg4 e3 62. Kg3 Rg6 63. Kf3 e2 64. Nc6+ Kxa4 65. Kxe2
Rxg4 66. Kd3 Rg8 67. Ne5 Kb3 68. Kd2 a4 69. Nd3 Rd8 70. Kc1 Rxd3 0-1

[Event "Manhem IM Swiss"]
[Site "?"]
[Date "2000.06.19"]
[Round "6"]
[White "Westerinen, Heikki"]
[Black "Welin, Mats"]
[Result "1/2-1/2"]
[WhiteElo "2392"]
[BlackElo "2286"]
[PlyCount "154"]
[EventDate "2000.06.14"]

1. e4 e5 2. f4 exf4 3. Nf3 g5 4. h4 g4 5. Ne5 Nf6 6. d4 d6 7. Nd3 Nxe4 8. Bxf4
Qe7 9. Qe2 Nc6 10. c3 Bf5 11. Nd2 O-O-O 12. Nxe4 Qxe4 13. Qxe4 Bxe4 14. Kd2 h5
15. Re1 f5 16. Bg5 Re8 17. Nf4 Kd7 18. Bc4 Nd8 19. Rhf1 Bh6 20. Nd5 Bg7 21. g3
Ne6 22. Rxe4 fxe4 23. Rf7+ Kc8 24. Ne7+ Rxe7 25. Rxe7 Nxg5 26. hxg5 Bf8 27.
Be6+ Kd8 28. Rd7+ Ke8 29. g6 Rh6 30. Rxc7 Rxg6 31. Bf7+ Kd8 32. Bxg6 Kxc7 33.
Bxh5 d5 34. Bxg4 Bd6 35. Be6 Kc6 36. g4 Bf4+ 37. Kc2 b5 38. Bf7 Kd6 39. Be8 a6
40. b4 Bg5 41. Bg6 Kc7 42. Bf5 Kc6 43. Kd1 Bd8 44. Kd2 Bg5+ 45. Ke2 Bf4 46. Be6
Bg5 47. Bc8 Kb6 48. Bd7 Kc7 49. Be8 Bf4 50. a4 bxa4 51. Bxa4 Bg5 52. Bb3 Kd6
53. c4 Bf6 54. cxd5 Bxd4 55. g5 Ke5 56. g6 Kf6 57. Bc2 Bc3 58. Bxe4 Bxb4 59.
Kd3 a5 60. Kc4 Kg7 61. Kb5 Kf6 62. Bb1 Kg7 63. Kc6 Bc3 64. Kb5 Bb4 65. Kb6 Kf6
66. Kc6 Bf8 67. Kb5 Bb4 68. Bf5 Kg7 69. Bc2 Kf6 70. Bb1 Kg7 71. Bc2 Kf6 72. Bb1
Kg7 73. Kc6 Bf8 74. d6 a4 75. d7 Be7 76. Kd5 Kf6 77. Kc4 Kg7 1/2-1/2

[Event "Manhem IM Swiss"]
[Site "?"]
[Date "2000.06.19"]
[Round "6"]
[White "Polej, Vladimir"]
[Black "Smetankin, Stanislaw"]
[Result "1-0"]
[WhiteElo "2341"]
[BlackElo "2401"]
[PlyCount "139"]
[EventDate "2000.06.14"]

1. Nf3 c5 2. g3 Nc6 3. c4 g6 4. Bg2 Bg7 5. Nc3 e5 6. O-O Nge7 7. Ne1 O-O 8. Nc2
d6 9. a3 a5 10. Rb1 Be6 11. Ne3 Rb8 12. d3 f5 13. f4 Kh8 14. Bd2 Bg8 15. Kh1
Be6 16. Qa4 Bd7 17. Qd1 Be6 18. Qa4 Bd7 19. Ned5 Nxd5 20. Nxd5 Nd4 21. Qd1 a4
22. b4 axb3 23. e3 Ne6 24. Qxb3 Bc6 25. a4 Ra8 26. a5 Ra6 27. Bc3 Kg8 28. Qb2
exf4 29. gxf4 Bxc3 30. Qxc3 Qxa5 31. Ne7+ Kf7 32. Qxa5 Rxa5 33. Nxc6 bxc6 34.
Rb7+ Kf6 35. Bxc6 Ra6 36. Bd5 Rf7 37. Rxf7+ Kxf7 38. Rb1 Kf6 39. Rb7 Ra3 40.
Kg2 Rxd3 41. Kf2 Ra3 42. Rxh7 Ng7 43. Rh8 Nh5 44. Rh7 Ng7 45. Rh8 Nh5 46. Rd8
Ke7 47. Rg8 Kf6 48. Rf8+ Kg7 49. Rf7+ Kh6 50. h4 Ra6 51. Kf3 Rb6 52. Be6 Ng7
53. Bd7 Rb7 54. Rf8 Nh5 55. Bc6 Rb6 56. Bd5 Ra6 57. Rf7 Rb6 58. Be6 Ng7 59. Bd7
Rb7 60. Rf8 Nh5 61. Rd8 Nf6 62. Bc6 Rc7 63. Rxd6 Kg7 64. Bd5 Nxd5 65. cxd5 c4
66. Rc6 Rd7 67. e4 fxe4+ 68. Kxe4 Re7+ 69. Kd4 Rf7 70. d6 1-0

[Event "Manhem IM Swiss"]
[Site "?"]
[Date "2000.06.19"]
[Round "6"]
[White "Aleksejev, Vadim"]
[Black "Couso, Luis"]
[Result "1-0"]
[WhiteElo "2440"]
[BlackElo "2317"]
[PlyCount "111"]
[EventDate "2000.06.14"]

1. d4 e6 2. Nf3 Nf6 3. e3 b6 4. Bd3 Bb7 5. O-O Be7 6. c4 O-O 7. Nc3 c5 8. d5
exd5 9. cxd5 d6 10. e4 Nbd7 11. h3 Ne8 12. Qc2 Ne5 13. Nxe5 dxe5 14. f4 Bd6 15.
fxe5 Bxe5 16. Bf4 Qe7 17. Bxe5 Qxe5 18. Rf5 Qd4+ 19. Kh1 c4 20. Bf1 Nd6 21. Rd1
Qe3 22. Rf3 Qg5 23. a4 Ba6 24. Rd4 Rfe8 25. Qf2 Re5 26. b4 Rc8 27. Rf4 Qe7 28.
b5 Bb7 29. Be2 Qc7 30. Bd1 Rce8 31. Bc2 Bc8 32. Rd1 Bd7 33. Rf1 R8e7 34. Qd4
Qc8 35. Kh2 Qb8 36. Kg1 f6 37. Nb1 Qc8 38. Kh2 Qb8 39. Kh1 Be8 40. Nd2 Qc8 41.
Nf3 Bf7 42. Rh4 Rh5 43. Qf2 Qe8 44. e5 fxe5 45. Rxh5 Bxh5 46. Ng5 e4 47. Qg3
Qg6 48. Qh4 Be2 49. Rf4 Nf5 50. Rxf5 Qxf5 51. d6 Rd7 52. Bxe4 Qf1+ 53. Kh2 g6
54. Bd5+ Kf8 55. Ne6+ Kg8 56. Nc5+ 1-0

[Event "Manhem IM Swiss"]
[Site "?"]
[Date "2000.06.19"]
[Round "6"]
[White "Andersson, Fredrik"]
[Black "Lönngren, Tobias"]
[Result "0-1"]
[WhiteElo "2035"]
[BlackElo "2009"]
[PlyCount "108"]
[EventDate "2000.06.14"]

1. e4 g6 2. d4 Bg7 3. Nc3 c6 4. f4 d5 5. e5 h5 6. Nf3 Bg4 7. h3 Bxf3 8. Qxf3 e6
9. g3 Nd7 10. Bd3 Qb6 11. Qf2 Bf8 12. Bd2 a6 13. O-O-O c5 14. Na4 Qc7 15. Nxc5
Nxc5 16. dxc5 Bxc5 17. Qe2 Ne7 18. Kb1 O-O-O 19. g4 Nc6 20. Be3 Bxe3 21. Qxe3
hxg4 22. hxg4 g5 23. Rh5 Rxh5 24. gxh5 gxf4 25. Qxf4 Nxe5 26. Be2 Nc6 27. Qh4
Qe7 28. Qg4 f5 29. Qf4 Qd6 30. Qh4 Rg8 31. h6 Qe7 32. Qf4 Qd6 33. Qh4 Qe7 34.
Qf4 Qf6 35. h7 Rh8 36. Qd6 Qe7 37. Qf4 Qxh7 38. c4 d4 39. c5 Qh2 40. Qd2 Kb8
41. b4 Rg8 42. a4 Rg2 43. Re1 f4 44. b5 f3 45. bxc6 Rxe2 46. Rxe2 fxe2 47. Qb4
Qh1+ 48. Kb2 Qxc6 49. Qd2 Qe4 50. Qa5 Qd5 51. Kc2 d3+ 52. Kd2 e5 53. Qb4 e4 54.
Ke3 Qg5+ 0-1

[Event "Manhem IM Swiss"]
[Site "?"]
[Date "2000.06.19"]
[Round "6"]
[White "Eriksson, Jonas"]
[Black "Forsberg, Jan-Olof"]
[Result "1/2-1/2"]
[WhiteElo "2199"]
[BlackElo "2190"]
[PlyCount "71"]
[EventDate "2000.06.14"]

1. d4 Nf6 2. Nc3 d5 3. Bg5 Nbd7 4. Nf3 g6 5. e3 Bg7 6. Be2 O-O 7. h4 c6 8. Nd2
Qb6 9. Nb3 e5 10. h5 Re8 11. hxg6 fxg6 12. Qd2 Nf8 13. O-O-O exd4 14. exd4 Ne6
15. Bh6 Bh8 16. g4 a5 17. a4 Qb4 18. Qd3 b6 19. f4 Ba6 20. Qf3 Bxe2 21. Nxe2
Ne4 22. f5 Nf8 23. Nf4 g5 24. Bxf8 Qxf8 25. Qh3 Ra7 26. Ng6 Qg7 27. Nxh8 Kxh8
28. Rh2 Rae7 29. Qh6 Nf6 30. Qh3 Re4 31. Rg2 Re3 32. Qh2 Qe7 33. Qh6 Qg7 34.
Qh2 Qe7 35. Qh6 Qg7 36. Qh2 1/2-1/2

[Event "Manhem IM Swiss"]
[Site "?"]
[Date "2000.06.20"]
[Round "7"]
[White "Carlsson, Pontus"]
[Black "Polej, Vladimir"]
[Result "0-1"]
[WhiteElo "2235"]
[BlackElo "2341"]
[PlyCount "100"]
[EventDate "2000.06.14"]

1. e4 c6 2. d4 d5 3. Nd2 g6 4. h3 Bg7 5. Ngf3 Nh6 6. Bd3 O-O 7. O-O a5 8. Re1
Na6 9. c3 f6 10. c4 e6 11. b3 Nf7 12. Bb2 dxe4 13. Nxe4 f5 14. Nc3 c5 15. dxc5
Nxc5 16. Bc2 Bd7 17. Qe2 Ra6 18. Qe3 Qc8 19. Rad1 Re8 20. Ba3 b6 21. Nd4 e5 22.
Ndb5 f4 23. Qe2 Ng5 24. Nd6 Qc6 25. f3 Rb8 26. Nde4 Nge6 27. Nd5 Kh8 28. Ne7
Qc7 29. Nd5 Qd8 30. Bb2 Nxe4 31. Qxe4 Nc5 32. Qe2 b5 33. Bxe5 Re6 34. Bxg7+
Kxg7 35. Qf2 Rxe1+ 36. Rxe1 Ne6 37. Qd2 bxc4 38. bxc4 Qg5 39. Qxa5 Kh6 40. Qd2
Rb2 41. Qc3 Rxa2 42. Nb4 Ra8 43. Nd3 Qg3 44. Nf2 Ng5 45. c5 Nxh3+ 46. Nxh3 Bxh3
47. Re2 Re8 48. Qd2 Bxg2 49. Rxe8 Bxf3+ 50. Kf1 Qh3+ 0-1

[Event "Manhem IM Swiss"]
[Site "?"]
[Date "2000.06.20"]
[Round "7"]
[White "Lönngren, Tobias"]
[Black "Wesslén, Ulf"]
[Result "1/2-1/2"]
[WhiteElo "2009"]
[BlackElo "2064"]
[PlyCount "85"]
[EventDate "2000.06.14"]

1. d4 e6 2. c4 f5 3. g3 Nf6 4. Bg2 d5 5. Nh3 c6 6. O-O Bd6 7. Bf4 O-O 8. Bxd6
Qxd6 9. Qc2 Nbd7 10. Nd2 e5 11. dxe5 Nxe5 12. cxd5 Nxd5 13. Nc4 Nxc4 14. Qxc4
Be6 15. Ng5 Rad8 16. Nxe6 Qxe6 17. Rad1 Nc7 18. Qf4 Na6 19. e4 Rxd1 20. Rxd1
fxe4 21. Qxe4 Qxa2 22. Qd4 Nb8 23. Bf1 Qa5 24. Bc4+ Kh8 25. h4 Qf5 26. Bd3 Qh5
27. Re1 Re8 28. Rxe8+ Qxe8 29. Qxa7 Qc8 30. Qd4 Qe8 31. Bf5 h6 32. g4 Na6 33.
g5 hxg5 34. hxg5 Nc7 35. Qh4+ Kg8 36. Qh7+ Kf8 37. g6 Qe5 38. Qh8+ Ke7 39. Qc8
Kf6 40. Qf8+ Kg5 41. Bc2 Nd5 42. Qd8+ Kh5 43. Qh8+ 1/2-1/2

[Event "Manhem IM Swiss"]
[Site "?"]
[Date "2000.06.20"]
[Round "7"]
[White "Couso, Luis"]
[Black "Westerinen, Heikki"]
[Result "0-1"]
[WhiteElo "2317"]
[BlackElo "2392"]
[PlyCount "78"]
[EventDate "2000.06.14"]

1. e4 g6 2. d4 Bg7 3. Nf3 c6 4. h3 d5 5. Nbd2 dxe4 6. Nxe4 Nf6 7. Nxf6+ exf6 8.
Bc4 O-O 9. O-O Nd7 10. Bb3 Nb6 11. Bf4 a5 12. a4 Nd5 13. Bh2 Be6 14. Nd2 f5 15.
c3 Re8 16. Re1 Rc8 17. Nc4 f4 18. Ne5 g5 19. Bc2 f6 20. Nd3 Bf7 21. Qb1 Rxe1+
22. Nxe1 h6 23. Bf5 Ra8 24. g3 fxg3 25. Bxg3 Ne7 26. Bh7+ Kh8 27. h4 Qd7 28.
hxg5 hxg5 29. Nd3 f5 30. Nc5 Qd5 31. Qc1 Bf6 32. Be5 Bxe5 33. Qxg5 Kxh7 34.
Qh4+ Kg8 35. Qxe7 Bg7 36. Qxb7 Re8 37. Qd7 Qf3 38. Nb7 Re4 39. Qd8+ Kh7 0-1

[Event "Manhem IM Swiss"]
[Site "?"]
[Date "2000.06.20"]
[Round "7"]
[White "Smetankin, Stanislav"]
[Black "Aleksejev, Vadim"]
[Result "1/2-1/2"]
[WhiteElo "2401"]
[BlackElo "2440"]
[PlyCount "42"]
[EventDate "2000.06.14"]

1. c4 e5 2. Nc3 Nc6 3. g3 f5 4. Bg2 Nf6 5. d3 Bb4 6. Bd2 O-O 7. a3 Bxc3 8. Bxc3
Qe8 9. Nf3 d6 10. O-O Qh5 11. e3 f4 12. exf4 Bg4 13. h3 Bxh3 14. Nxe5 Qxd1 15.
Raxd1 Bxg2 16. Kxg2 dxe5 17. fxe5 Ng4 18. Rde1 Rad8 19. Re4 Ngxe5 20. Bxe5 Nxe5
21. Rxe5 Rxd3 1/2-1/2

[Event "Manhem IM Swiss"]
[Site "?"]
[Date "2000.06.20"]
[Round "7"]
[White "Nygren, Kim"]
[Black "Eriksson, Jonas"]
[Result "0-1"]
[WhiteElo "2189"]
[BlackElo "2199"]
[PlyCount "102"]
[EventDate "2000.06.14"]

1. Nf3 Nf6 2. c4 b6 3. g3 Bb7 4. Bg2 e6 5. O-O Be7 6. d4 O-O 7. d5 exd5 8. Nh4
c6 9. cxd5 Nxd5 10. e4 Bxh4 11. gxh4 Nc7 12. Qg4 d5 13. Nc3 d4 14. Rd1 c5 15.
Bh6 Qf6 16. Bg5 Qe6 17. Qg3 dxc3 18. Rd6 cxb2 19. Rf1 b1=Q 20. Rxb1 Qxa2 21.
Rbd1 Nc6 22. R6d2 Qe6 23. Qxc7 Rab8 24. Rd7 Nd4 25. Re7 Rfc8 26. Rxe6 Rxc7 27.
Rd6 h6 28. Be3 Ne2+ 29. Kf1 Nc3 30. Rd8+ Rxd8 31. Rxd8+ Kh7 32. f3 a5 33. Bf4
Re7 34. Bd6 Re6 35. Bh3 Rf6 36. Bf5+ Rxf5 37. exf5 Bxf3 38. Rb8 Nd5 39. Rf8 Bh5
40. Ke1 c4 41. Kd2 b5 42. Rb8 b4 43. Rb5 Nc3 44. Re5 Bf3 45. Bf8 Nd5 46. Re8
c3+ 47. Kc2 a4 48. Bc5 b3+ 49. Kc1 Nf4 50. Be3 Nd3+ 51. Kb1 c2+ 0-1

[Event "Manhem IM Swiss"]
[Site "?"]
[Date "2000.06.20"]
[Round "7"]
[White "Welin, Mats"]
[Black "Köhn, Peter"]
[Result "1-0"]
[WhiteElo "2286"]
[BlackElo "2310"]
[PlyCount "49"]
[EventDate "2000.06.14"]

1. e4 c5 2. Nf3 d6 3. d4 cxd4 4. Nxd4 Nf6 5. Nc3 Nc6 6. Bc4 e6 7. Bb3 Be7 8.
O-O a6 9. f4 Qc7 10. Be3 O-O 11. f5 Nxd4 12. Bxd4 b5 13. fxe6 Bxe6 14. Qf3 b4
15. Ne2 Qc6 16. Ng3 Rae8 17. Rae1 Bd8 18. Kh1 Bxb3 19. cxb3 Re6 20. Nf5 Rxe4
21. Nh6+ Kh8 22. Rxe4 Qxe4 23. Qxe4 Nxe4 24. Rxf7 Be7 25. Bxg7# 1-0

[Event "Manhem IM Swiss"]
[Site "?"]
[Date "2000.06.21"]
[Round "8"]
[White "Lahlum, Hans Olav"]
[Black "Carlsson, Pontus"]
[Result "1/2-1/2"]
[WhiteElo "2215"]
[BlackElo "2235"]
[PlyCount "74"]
[EventDate "2000.06.14"]

1. d4 e6 2. e4 d5 3. Nc3 Nf6 4. exd5 exd5 5. Bd3 Be7 6. Bg5 O-O 7. Nge2 c6 8.
O-O h6 9. Bf4 Nh5 10. Be3 Re8 11. Qd2 Bf8 12. Ng3 Nxg3 13. fxg3 Be6 14. Ne2 Nd7
15. Nf4 Nf6 16. Nxe6 Rxe6 17. Bf5 Ne4 18. Qd3 Re7 19. Rae1 Qa5 20. a3 Rae8 21.
Bf4 Qb6 22. b4 g6 23. Bxe4 Rxe4 24. Rxe4 Rxe4 25. c3 Qd8 26. Qd2 g5 27. Be5 Bg7
28. Bxg7 Kxg7 29. Re1 Qe7 30. Rxe4 Qxe4 31. h3 Qb1+ 32. Kh2 Qe4 33. a4 f5 34.
b5 Kf6 35. bxc6 bxc6 36. Qb2 f4 37. gxf4 Qxf4+ 1/2-1/2

[Event "Manhem IM Swiss"]
[Site "?"]
[Date "2000.06.21"]
[Round "8"]
[White "Aleksejev, Vadim"]
[Black "Polej, Vladimir"]
[Result "1/2-1/2"]
[WhiteElo "2440"]
[BlackElo "2341"]
[PlyCount "34"]
[EventDate "2000.06.14"]

1. d4 d5 2. c4 c6 3. Nf3 Nf6 4. e3 Bf5 5. Nc3 e6 6. Bd3 Bxd3 7. Qxd3 Bd6 8. O-O
O-O 9. b3 Nbd7 10. Bb2 Qe7 11. e4 dxe4 12. Nxe4 Nxe4 13. Qxe4 Nf6 14. Qh4 Ba3
15. Bc3 Bb4 16. Bb2 Ba3 17. Bc3 Bb4 1/2-1/2

[Event "Manhem IM Swiss"]
[Site "?"]
[Date "2000.06.21"]
[Round "8"]
[White "Eriksson, Jonas"]
[Black "Lönngren, Tobias"]
[Result "1-0"]
[WhiteElo "2199"]
[BlackElo "2009"]
[PlyCount "89"]
[EventDate "2000.06.14"]

1. c4 g6 2. Nc3 Bg7 3. d4 c5 4. Nf3 cxd4 5. Nxd4 Nc6 6. Nc2 d6 7. e4 Nf6 8. Be2
O-O 9. O-O Bd7 10. Be3 Ne5 11. f3 Bc6 12. Rc1 Qb8 13. b4 b6 14. Nd4 Bb7 15. Nd5
e6 16. Nxf6+ Bxf6 17. Qd2 Rd8 18. Bg5 Bxg5 19. Qxg5 Nc6 20. Nxc6 Bxc6 21. Rfd1
Rd7 22. Rd2 Qf8 23. Rcd1 Rad8 24. b5 Bb7 25. Qe3 Qg7 26. f4 d5 27. Qd4 Qf8 28.
cxd5 exd5 29. e5 Qc5 30. a4 Rc7 31. Bf3 Qxd4+ 32. Rxd4 Rc5 33. g4 Rdc8 34. Kg2
Rc2+ 35. Kg3 Ra2 36. Bxd5 Rc3+ 37. R1d3 Rxd3+ 38. Rxd3 Bxd5 39. Rxd5 Rxa4 40.
f5 gxf5 41. Rd8+ Kg7 42. gxf5 Ra5 43. Kf4 Rxb5 44. f6+ Kh6 45. Rf8 1-0

[Event "Manhem IM Swiss"]
[Site "?"]
[Date "2000.06.21"]
[Round "8"]
[White "Forsberg, Jan-Olof"]
[Black "Andersson, Fredrik"]
[Result "1/2-1/2"]
[WhiteElo "2190"]
[BlackElo "2035"]
[PlyCount "126"]
[EventDate "2000.06.14"]

1. d4 Nf6 2. c4 c5 3. d5 b5 4. cxb5 a6 5. b6 Qxb6 6. Nc3 g6 7. Nf3 Bg7 8. e4 d6
9. Nd2 O-O 10. Be2 Nbd7 11. Nc4 Qc7 12. Bf4 Nb6 13. Ne3 Bd7 14. O-O Bb5 15.
Bxb5 axb5 16. Nxb5 Qd7 17. Nc3 Na4 18. Nc4 Nxc3 19. bxc3 Qb5 20. Nd2 Nh5 21.
Bg5 Bxc3 22. a4 Qd7 23. Ra3 Bb4 24. Ra2 Ra6 25. Qc2 Rfa8 26. Rfa1 Qg4 27. Be3
Nf4 28. Bxf4 Qxf4 29. Nc4 Qf6 30. Rc1 h5 31. g3 h4 32. Kg2 Kg7 33. Qb2 hxg3 34.
hxg3 Rxa4 35. Rxa4 Rxa4 36. Qxf6+ Kxf6 37. Rc2 Ra1 38. Kf3 Rb1 39. Kg4 Rb3 40.
Rc1 Bc3 41. Rc2 Bd4 42. Na5 Ra3 43. Nc4 Ra4 44. Kf3 Rb4 45. Ke2 g5 46. Kf3 Kg6
47. g4 Rb3+ 48. Kg2 Rc3 49. Rxc3 Bxc3 50. f3 Kf6 51. Kf2 Be5 52. Ke2 e6 53. Kd3
Ke7 54. Ke3 Kd7 55. Kd3 Kc7 56. Kc2 Bf6 57. Kb3 Be7 58. Ka4 Kb7 59. Kb5 Kc7 60.
Ne3 Kd7 61. Nc4 Bd8 62. Ka6 exd5 63. exd5 Bf6 1/2-1/2

[Event "Manhem IM Swiss"]
[Site "?"]
[Date "2000.06.21"]
[Round "8"]
[White "Westerinen, Heikki"]
[Black "Smetankin, Stanislav"]
[Result "1/2-1/2"]
[WhiteElo "2392"]
[BlackElo "2401"]
[PlyCount "40"]
[EventDate "2000.06.14"]

1. e4 c5 2. Nf3 Nc6 3. Bb5 g6 4. O-O Bg7 5. Re1 Nf6 6. e5 Ng4 7. Bxc6 dxc6 8.
h3 Nh6 9. d3 Nf5 10. Nbd2 O-O 11. b3 Nd4 12. Bb2 h6 13. Re4 Ne6 14. Nf1 Qc7 15.
Ng3 Bd7 16. Qd2 Rad8 17. Rae1 Bc8 18. Rh4 Kh7 19. Ne4 Rh8 20. Nfg5+ Kg8 1/2-1/2

[Event "Manhem IM Swiss"]
[Site "?"]
[Date "2000.06.21"]
[Round "8"]
[White "Wesslén, Ulf"]
[Black "Nygren, Kim"]
[Result "0-1"]
[WhiteElo "2064"]
[BlackElo "2189"]
[PlyCount "74"]
[EventDate "2000.06.14"]

1. b4 e5 2. Bb2 f6 3. e4 d5 4. exd5 Qxd5 5. Nc3 Qf7 6. a3 a5 7. b5 Nd7 8. Be2
Bd6 9. Bf3 Ne7 10. d4 O-O 11. Nge2 exd4 12. Nxd4 Nb6 13. O-O Kh8 14. a4 Rd8 15.
Kh1 Nc4 16. Bc1 Be5 17. Nce2 Nf5 18. c3 Nh4 19. Qc2 Nxf3 20. Nxf3 Qh5 21. Ng3
Bxg3 22. fxg3 Bf5 23. Qf2 Nd6 24. Bf4 Ne4 25. Qb2 Rd7 26. Nd4 Bg4 27. h3 g5 28.
Kg1 Bxh3 29. gxh3 gxf4 30. Rxf4 Nxg3 31. Nf3 Re8 32. Rxf6 Qc5+ 33. Nd4 Rg7 34.
Kh2 Qe5 35. Rf3 Reg8 36. h4 Nf1+ 37. Kh3 Qg3+ 0-1

[Event "Manhem IM Swiss"]
[Site "?"]
[Date "2000.06.22"]
[Round "9"]
[White "Carlsson, Pontus"]
[Black "Aleksejev, Vadim"]
[Result "0-1"]
[WhiteElo "2235"]
[BlackElo "2440"]
[PlyCount "60"]
[EventDate "2000.06.14"]

1. e4 e6 2. d4 d5 3. Nd2 Be7 4. Bd3 c5 5. dxc5 Nf6 6. Qe2 Nc6 7. Ngf3 Bxc5 8.
O-O Qc7 9. e5 Ng4 10. Nb3 Bb6 11. Bf4 f6 12. Rae1 O-O 13. c3 Ngxe5 14. Kh1 Qe7
15. Nxe5 fxe5 16. Bxe5 Nxe5 17. Qxe5 Bxf2 18. Rd1 Bd7 19. Nd4 Rae8 20. Nf3 Bc5
21. c4 Bd6 22. Qd4 Rf4 23. Qxa7 dxc4 24. Be2 Bc6 25. Qe3 Re4 26. Qd2 Bb8 27. b3
c3 28. Qc2 Qc7 29. Bb5 Bxb5 30. Qxe4 c2 0-1

[Event "Manhem IM Swiss"]
[Site "?"]
[Date "2000.06.22"]
[Round "9"]
[White "Nygren, Kim"]
[Black "Couso, Luis"]
[Result "1-0"]
[WhiteElo "2189"]
[BlackElo "2317"]
[PlyCount "89"]
[EventDate "2000.06.14"]

1. e4 e6 2. d4 d5 3. Nc3 Bb4 4. e5 c5 5. a3 Bxc3+ 6. bxc3 Ne7 7. Qg4 Qc7 8.
Qxg7 Rg8 9. Qxh7 cxd4 10. Ne2 Nbc6 11. f4 dxc3 12. Qd3 Bd7 13. Nxc3 a6 14. Rb1
Rc8 15. Bd2 Nf5 16. g4 Nfe7 17. Be2 Na5 18. Qd4 Nc4 19. Bxc4 Qxc4 20. Qxc4 Rxc4
21. h3 Bc6 22. Rg1 Rh8 23. Rg3 d4 24. Ne2 Be4 25. Rb4 Rxc2 26. Nxd4 Ra2 27.
Nxe6 Ra1+ 28. Ke2 Bc6 29. Nd4 Bd5 30. Nf5 Rh1 31. Nxe7 Kxe7 32. Rd4 Bc6 33. f5
Bb5+ 34. Kf2 Rh2+ 35. Rg2 R8xh3 36. Bg5+ Kf8 37. Rd8+ Be8 38. Rxh2 Rxh2+ 39.
Kg3 Ra2 40. f6 Rxa3+ 41. Kh4 b5 42. Bh6+ Kg8 43. Rxe8+ Kh7 44. Bg7 Kg6 45. Rh8
1-0

[Event "Manhem IM Swiss"]
[Site "?"]
[Date "2000.06.22"]
[Round "9"]
[White "Forsberg, Jan-Olof"]
[Black "Lahlum, Hans Olav"]
[Result "1/2-1/2"]
[WhiteElo "2190"]
[BlackElo "2215"]
[PlyCount "110"]
[EventDate "2000.06.14"]

1. d4 d5 2. c4 e6 3. Nc3 c6 4. e3 Nf6 5. Nf3 Nbd7 6. Bd3 dxc4 7. Bxc4 b5 8. Bd3
Bb7 9. e4 b4 10. Na4 c5 11. e5 Nd5 12. Nxc5 Nxc5 13. dxc5 Bxc5 14. O-O h6 15.
Nd2 O-O 16. Ne4 Bd4 17. Nd6 Bc6 18. Bh7+ Kxh7 19. Qxd4 f6 20. Re1 fxe5 21. Qe4+
Kh8 22. Qxe5 Qf6 23. Qxf6 Rxf6 24. Bd2 Rd8 25. Nc4 Nf4 26. Bxf4 Rxf4 27. Ne5
Be8 28. Nf3 Bh5 29. Rxe6 Bxf3 30. gxf3 Rd2 31. Kg2 Rxb2 32. Ra6 Rf7 33. Kg3 Rc7
34. Rd1 Rcc2 35. Rxa7 Rxf2 36. h3 Rxa2 37. Rd8+ Kh7 38. Rxa2 Rxa2 39. Rb8 Rb2
40. Rb6 b3 41. Kf4 Kg8 42. Kf5 Rb1 43. Kg6 Rg1+ 44. Kf5 Rg3 45. Rxb3 Rxh3 46.
Kg4 Rh1 47. Rb5 Rg1+ 48. Kf4 Kf7 49. Ra5 Kg6 50. Ra6+ Kh5 51. Ra2 g5+ 52. Ke3
Rh1 53. Ra6 Rh2 54. Rb6 Rh3 55. Kf2 Rh2+ 1/2-1/2

[Event "Manhem IM Swiss"]
[Site "?"]
[Date "2000.06.22"]
[Round "9"]
[White "Andersson, Fredrik"]
[Black "Wesslén, Ulf"]
[Result "1-0"]
[WhiteElo "2035"]
[BlackElo "2064"]
[PlyCount "91"]
[EventDate "2000.06.14"]

1. d4 Nf6 2. c4 g6 3. Nc3 Bg7 4. e4 d6 5. Nge2 O-O 6. Ng3 c5 7. d5 e6 8. Be2 a6
9. a4 exd5 10. exd5 Re8 11. O-O Nbd7 12. f4 Nf8 13. f5 h5 14. fxg6 fxg6 15. Bg5
N8h7 16. Qd2 Bd7 17. Bd3 Nxg5 18. Qxg5 Re5 19. Qf4 Be8 20. Nce4 Ng4 21. h3 Bh6
22. Qf3 Ne3 23. Nf6+ Kh8 24. Rfe1 h4 25. Nxe8 hxg3 26. Bxg6 Qe7 27. Qxg3 Rxe8
28. Bxe8 Qxe8 29. Ra3 Nxc4 30. Rxe5 Nxe5 31. Qh4 Kh7 32. Rb3 Qf7 33. Qe4+ Kg7
34. Rg3+ Kf8 35. Qh4 Qf4 36. Qd8+ Kf7 37. Qc7+ Ke8 38. Rg8+ Bf8 39. Qc8+ Ke7
40. Qe6+ Kd8 41. Qxd6+ Ke8 42. Rxf8+ Qxf8 43. Qxe5+ Kd7 44. a5 c4 45. Qe6+ Kc7
46. d6+ 1-0

[Event "Manhem IM Swiss"]
[Site "?"]
[Date "2000.06.22"]
[Round "9"]
[White "Köhn, Peter"]
[Black "Eriksson, Jonas"]
[Result "1-0"]
[WhiteElo "2310"]
[BlackElo "2199"]
[PlyCount "97"]
[EventDate "2000.06.14"]

1. Nf3 f5 2. g3 Nf6 3. Bg2 g6 4. O-O Bg7 5. d3 O-O 6. e4 e6 7. Re1 d6 8. c3 h6
9. e5 Ng4 10. d4 dxe5 11. h3 e4 12. hxg4 exf3 13. Bxf3 c6 14. Na3 Qf6 15. Bf4
fxg4 16. Bxg4 h5 17. Bh3 g5 18. Be3 g4 19. Bg2 Bh6 20. Qd2 Bxe3 21. Rxe3 Qh6
22. Nc4 Nd7 23. Rae1 Nf6 24. Re5 Qxd2 25. Nxd2 Kg7 26. Ne4 Nxe4 27. Bxe4 Rh8
28. Kg2 h4 29. gxh4 Rxh4 30. Kg3 Rh6 31. Rh1 Rxh1 32. Bxh1 Kf6 33. Rh5 Bd7 34.
Rh7 Rd8 35. Kf4 a5 36. Be4 Bc8 37. Rh6+ Kg7 38. Kg5 Rf8 39. Rh7+ Kg8 40. Rc7
Re8 41. Bh7+ Kh8 42. Bg6 Rf8 43. Bf7 a4 44. a3 Rd8 45. Kf6 Rf8 46. Re7 Kh7 47.
Re8 Rxe8 48. Bxe8 b6 49. Bh5 1-0